000 00570cam a2200205ua 4500
001 6324
005 20260515114031.0
008 131129n ii |||gr||||Z||||||eng
020 _a033392 915 2
040 _cMAIN
082 _a658.8
245 _aMarketing management :
_bPlanning Implementation and control /
_cBy V.S. Ramaswamy .
260 _aMadras:
_bMacmillan India limited,
_c1990.
300 _axxix,505p.
653 _aCommerce
653 _aMarketing management
700 _aRamaswamy,V.S.,
_eAuthor.,
700 1 _aNamakumari,S,
_eAuthor.
942 _cBK
999 _c5471
_d5471